| 000 | 01328nam0a2200349 4500 | ||
|---|---|---|---|
| 001 | RU\NLR\bibl\228003 | ||
| 005 | 20260408163615.0 | ||
| 021 |
_aRU _b2001-49220 _92376 |
||
| 035 | _a(NLR Aleph) 000223988 | ||
| 090 |
_a1302444 _c1302444 |
||
| 100 | _a20020204d2001 u y0rusy50 ca | ||
| 101 | 0 | _arus | |
| 102 | _aRU | ||
| 105 | _aa ||||||||| | ||
| 200 | 1 |
_aМеханика формообразования заготовок при деформирующем протягивании _fЮ.А. Цеханов, С.Е. Шейкин _gМ-во образования Рос. Федерации, Воронеж. гос. технол. акад. |
|
| 210 |
_aВоронеж _cВГТА _d2001 |
||
| 215 |
_a200 с. _cил. _d20 |
||
| 320 | _aБиблиогр.: с. 198-200 | ||
| 606 |
_aЗаготовки (мет.) _xПротягивание _91077323 _3RU\NLR\auth\66420486 |
||
| 675 |
_a621.919.1 _v3 _zrus |
||
| 686 |
_a55 _2rugasnti |
||
| 686 |
_a34.636 _2rubbk |
||
| 686 | _aК636 | ||
| 700 | 1 |
_aЦеханов _bЮ. А. _gЮрий Александрович _4070 |
|
| 701 | 1 |
_aШейкин _bС. Е. _gСергей Евгеньевич _4070 |
|
| 801 | 0 |
_aRU _bRKP _c20020204 _gPSBO |
|
| 801 | 1 |
_aRU _bRKP _c20020204 |
|
| 801 | 2 |
_aRU _bNLR _c20020312 _grcr |
|
| 942 | _cBOOK | ||
| 980 | _aNB | ||
| 980 | _aNBR | ||